000 005480000a22001810004500
003 MACL
005 20160220162459.0
008 160220b xxu||||| |||| 00| 0 eng d
040 _aMACL
_cMACL
041 _aHindi
082 _a370
100 _aभावे आचार्य विनोबा
_939291
245 _aविनोबा के विचार
260 _bसस्‍ता साहित्‍य पण्‍डल प्रकाशन
_c1954
350 _a1.50
650 _aEducation
_939292
942 _cHIN
_k370
_2ddc
999 _c23010
_d23010